<?xml version="1.0" encoding="UTF-8"?>
<collection xmlns="http://www.loc.gov/MARC21/slim">
    <record>
        <controlfield tag="001">64447</controlfield>
        <controlfield tag="005">20190201085228.0</controlfield>
        <datafield tag="024" ind1="7" ind2=" ">
            <subfield code="2">doi</subfield>
            <subfield code="a">10.19044/esj.2017.v13n19p281</subfield>
        </datafield>
        <datafield tag="024" ind1="8" ind2=" ">
            <subfield code="2">sideral</subfield>
            <subfield code="a">103751</subfield>
        </datafield>
        <datafield tag="037" ind1=" " ind2=" ">
            <subfield code="a">ART-2017-103751</subfield>
        </datafield>
        <datafield tag="041" ind1=" " ind2=" ">
            <subfield code="a">spa</subfield>
        </datafield>
        <datafield tag="100" ind1=" " ind2=" ">
            <subfield code="0">(orcid)0000-0002-1964-889X</subfield>
            <subfield code="a">Zavala Arnal, Carmen María</subfield>
            <subfield code="u">Universidad de Zaragoza</subfield>
        </datafield>
        <datafield tag="245" ind1=" " ind2=" ">
            <subfield code="a">La interdisciplinariedad en el aula de Educación Secundaria: una investigación a través de la opinión del profesorado de las áreas de Música, Lengua Castellana y Literatura, y Ciencias Sociales</subfield>
        </datafield>
        <datafield tag="260" ind1=" " ind2=" ">
            <subfield code="c">2017</subfield>
        </datafield>
        <datafield tag="506" ind1="0" ind2=" ">
            <subfield code="a">Access copy available to the general public</subfield>
            <subfield code="f">Unrestricted</subfield>
        </datafield>
        <datafield tag="520" ind1="3" ind2=" ">
            <subfield code="a">En el presente artículo se muestran los resultados de una investigación en la que se analiza la práctica diaria en el aula de Educación Secundaria Obligatoria en España a través de la opinión del profesorado, que nos lleva a considerar la necesidad de la realización de actividades de tipo interdisciplinar. El estudio se centra en tres áreas: Música, Lengua Castellana y Literatura, y Ciencias Sociales. Los resultados apuntan a una favorable opinión del profesorado respecto a las estrategias de lainterdisciplinariedad entre las tres áreas, si bien se ponen en relieve los obstáculos procedentes del contexto curricular y educativo. De esta forma, se pretende contribuir a la integración en los procesos de enseñanza-aprendizaje de actividades de carácter interdisciplinar que puedan favorecer tanto a los docentes como a los estudiantes de las áreas implicadas.    
  
This paper shows the results of a study which analyzes daily practice through the opinion of teachers in Spain, which prompt us to consider the need for interdisciplinary activities. The study focuses on three areas: Music, Spanish Language and Literature, and Social Sciences. The results point at a favourable opinion of teachers regarding interdisciplinarity between the three subjects, although they highlight the obstacles arising from the curricular and educational context. The aim is to contribute to the integration in learning/teaching processes of interdisciplinary activities which can favour teachers as well as learners of these subjects.</subfield>
        </datafield>
        <datafield tag="540" ind1=" " ind2=" ">
            <subfield code="9">info:eu-repo/semantics/openAccess</subfield>
            <subfield code="a">by-nc-nd</subfield>
            <subfield code="u">http://creativecommons.org/licenses/by-nc-nd/3.0/es/</subfield>
        </datafield>
        <datafield tag="655" ind1=" " ind2="4">
            <subfield code="a">info:eu-repo/semantics/article</subfield>
            <subfield code="v">info:eu-repo/semantics/publishedVersion</subfield>
        </datafield>
        <datafield tag="700" ind1=" " ind2=" ">
            <subfield code="a">Salinas Ramón, Jorge</subfield>
        </datafield>
        <datafield tag="710" ind1="2" ind2=" ">
            <subfield code="1">3001</subfield>
            <subfield code="2">189</subfield>
            <subfield code="a">Universidad de Zaragoza</subfield>
            <subfield code="b">Dpto. Expres.Music.Plást.Corp.</subfield>
            <subfield code="c">Área Didáctica Expres. Musical</subfield>
        </datafield>
        <datafield tag="773" ind1=" " ind2=" ">
            <subfield code="g">13, 19 (2017), 281-291</subfield>
            <subfield code="p">Eur. Sci. J. (Kocani)</subfield>
            <subfield code="t">European Scientific Journal (Kocani)</subfield>
            <subfield code="x">1857-7881</subfield>
        </datafield>
        <datafield tag="856" ind1="4" ind2=" ">
            <subfield code="s">156398</subfield>
            <subfield code="u">http://zaguan.unizar.es/record/64447/files/texto_completo.pdf</subfield>
            <subfield code="y">Versión publicada</subfield>
        </datafield>
        <datafield tag="856" ind1="4" ind2=" ">
            <subfield code="s">76623</subfield>
            <subfield code="u">http://zaguan.unizar.es/record/64447/files/texto_completo.jpg?subformat=icon</subfield>
            <subfield code="x">icon</subfield>
            <subfield code="y">Versión publicada</subfield>
        </datafield>
        <datafield tag="909" ind1="C" ind2="O">
            <subfield code="o">oai:zaguan.unizar.es:64447</subfield>
            <subfield code="p">articulos</subfield>
            <subfield code="p">driver</subfield>
        </datafield>
        <datafield tag="951" ind1=" " ind2=" ">
            <subfield code="a">2019-02-01-08:46:41</subfield>
        </datafield>
        <datafield tag="980" ind1=" " ind2=" ">
            <subfield code="a">ARTICLE</subfield>
        </datafield>
    </record>

    
</collection>